| 000 | 00422nam a2200181Ia 4500 | ||
|---|---|---|---|
| 005 | 20251020182532.0 | ||
| 008 | 200515s9999 xx 000 0 und d | ||
| 082 | _a711/C77 | ||
| 100 | _aCORRAL Y BECKER, Carlos | ||
| 245 | 0 | _aLineamientos del diseño urbano | |
| 260 | _aMéxico, D.F. | ||
| 260 | _c1989 | ||
| 500 | _a1 ejemplar | ||
| 650 | _aDISEÑO URBANO | ||
| 650 | _aLIB | ||
| 650 | _aURBANISMO | ||
| 942 | _cLIB | ||
| 999 |
_c2118 _d2118 |
||